| 000 | 02068 a2200277 i 4500 | ||
|---|---|---|---|
| 001 | 265283524 | ||
| 003 | MePoLT | ||
| 005 | 20240607114042.0 | ||
| 008 | 240606b ||||| |||| 00| 0 eng d | ||
| 020 | _a9781119787778 | ||
| 038 | _aMalang Jan | ||
| 040 |
_aMePoLT _cMePoLT _erda |
||
| 082 |
_a720.284 _bRAD |
||
| 090 | 4 | _aNA2700.S65 | |
| 245 | 0 | 0 |
_aRadical Architectural Drawing / _cedited by Neil Spiller |
| 264 | 1 |
_aLondon: _bJohn Wiley & Sons; _c2022. |
|
| 300 |
_a136p.: _bill; _c27cm. |
||
| 440 | 1 | 0 |
_aArchitectural design _933235 |
| 490 | 1 | 0 |
_aArchitectural design _vvol:92,no:04 |
| 505 | _aRemoving the Cataracts : Architectural Imagination / Neil Spiller -- Fantastical Monsters : The Persistent Memory of Machines / Aaron Betsky -- Constructing Indeterminacy : A Détournement of Didactic Models / Penelope Haralambidou -- Consistency in Change : Architecture for Optimistic Living / Ricardo de Ostos -- Shallow to Deep : Drawing as Close Encounter / Michael McGarry -- Visceral Encounters : Unevenness in Moments of Foundational Apprehension / Jason Young -- Making Rainbows : Landscapes for Negotiation / Sarah de Villiers -- Urban Cartographies : Drawing Seen Through Bacon's Painting / Peter Salter -- World-Shaping : Choreographies of Mapping and Construction / Robin Wilson -- A Moving Grove : Our Climate Future and Its Branching Possibilities / Nicholas de Monchaux -- Thick Fields and Aberrant Transmutations / Chris L Smith -- Hermeneutic Imagination : Drawing Out Freud / Alberto Pérez-Gómez -- King of Infinite Space : The Talisman and the Temple / Neil Spiller -- Moments - On the Dissecting Table / Wolfgang Tschapeller -- A Band of Colours : Spectral Assemblies / Ulrika Karlsson -- Valuing Drawings : The Tchoban Foundation / Neil Spiller. | ||
| 520 | _aRadical Architectural Drawing (Architectural Design, Issue 4, July/August 2022, 92) by Neil Spiller (2022) | ||
| 650 |
_aArchitectural drawing _925520 |
||
| 700 | 1 |
_aSpiller,Neil _932763 |
|
| 942 |
_2ddc _cBK |
||
| 999 |
_c609533 _d609533 |
||